000 00545pam a2200193 a 4500
020 _a9780781778736
_c5830.80
041 _aeng
_hNULL
082 _a618
_bBRI/FRE
100 _aBRIGGS G.C.,FREEMAN R.K.,YAFFE S.J.
245 _aDRUGS IN PREGNANCY AND LOCTATION /
_cNULL.
_hTextual Documents
250 _a8 ED /
_b.
260 _aNULL :
_bWOLTERS KLUWER LIPPINCOTT ,
_c2008.
300 _a2115 : :
_bXXIV ; ;
_cA4 . +
_eHB.
365 _a5830.80
700 _a .
_a .
930 _a2580
999 _c797115
_d797115
650 _aOBST.GYNE